| 000 -LEADER |
| fixed length control field |
01001nam a22002417a 4500 |
| 020 ## - INTERNATIONAL STANDARD BOOK NUMBER |
| ISBN |
9781009217606 (ebook) |
| 082 ## - DEWEY DECIMAL CLASSIFICATION NUMBER |
| Classification number |
351 |
| Item number |
B3784555 2022 |
| 100 ## - MAIN ENTRY--AUTHOR NAME |
| Personal name |
Bartelli, Anthony M., author. |
| 245 ## - TITLE STATEMENT |
| Title |
Public administration and democacy : the complementarity principle / Lindsey J. Schwartz. |
| 250 ## - EDITION STATEMENT |
| Edition statement |
First edition. |
| 260 ## - PUBLICATION, DISTRIBUTION, ETC. (IMPRINT) |
| Place of publication |
Cambridge, |
| Name of publisher |
Cambridge University Press, |
| Year of publication |
c2022. |
| 300 ## - PHYSICAL DESCRIPTION |
| Number of Pages |
1 online resource, x, 75 pages ; |
| 490 ## - SERIES STATEMENT |
| Series statement |
Cambridge Elements ; Elements in Public and Nonprofit Administration |
| 500 ## - GENERAL NOTE |
| General note |
Includes bibliographical references. |
| 520 ## - SUMMARY, ETC. |
| Summary, etc |
The Complementarity Principle explains how public administration should align with democratic values through what the authors call the "complementary principle.'' |
| 650 ## - SUBJECT ADDED ENTRY--TOPICAL TERM |
| Topical Term |
Public administration. |
| 650 ## - SUBJECT ADDED ENTRY--TOPICAL TERM |
| Topical Term |
Democracy. |
| 650 ## - SUBJECT ADDED ENTRY--TOPICAL TERM |
| Topical Term |
Political values. |
| 650 ## - SUBJECT ADDED ENTRY--TOPICAL TERM |
| Topical Term |
Representative government and representation. |
| 700 ## - ADDED ENTRY--PERSONAL NAME |
| Personal name |
Bartelli, Anthony M. |
| 700 ## - ADDED ENTRY--PERSONAL NAME |
| Personal name |
Schwartz, Lindsey J. |
| 942 ## - ADDED ENTRY ELEMENTS (KOHA) |
| Koha item type |
Electronic Books |